Aspects of Political Ideas and Institutions in Ancient India (Record no. 1715221)
[ view plain ]
| 000 -LEADER | |
|---|---|
| fixed length control field | 00518nam a22001937a 4500 |
| 005 - DATE AND TIME OF LATEST TRANSACTION | |
| control field | 20260312121121.0 |
| 008 - FIXED-LENGTH DATA ELEMENTS--GENERAL INFORMATION | |
| fixed length control field | 260312b |||||||| |||| 00| 0 eng d |
| 020 ## - INTERNATIONAL STANDARD BOOK NUMBER | |
| International Standard Book Number | 9788120808270 |
| 040 ## - CATALOGING SOURCE | |
| Transcribing agency | FLL |
| 041 ## - LANGUAGE CODE | |
| Source of code | eng |
| Language code of text/sound track or separate title | eng |
| 084 ## - COLON CLASSIFICATION NUMBER | |
| Classification number | WV2.C |
| 100 ## - MAIN ENTRY--PERSONAL NAME | |
| Personal name | Sharma, Ram Sharma |
| 245 ## - TITLE STATEMENT | |
| Title | Aspects of Political Ideas and Institutions in Ancient India |
| 250 ## - EDITION STATEMENT | |
| Edition statement | 5th |
| 260 ## - PUBLICATION, DISTRIBUTION, ETC. | |
| Place of publication, distribution, etc. | Delhi |
| Name of publisher, distributor, etc. | Motilal Banarsidass |
| Date of publication, distribution, etc. | 2005 |
| 300 ## - PHYSICAL DESCRIPTION | |
| Extent | xxxi,462p |
| 650 ## - SUBJECT ADDED ENTRY--TOPICAL TERM | |
| Topical term or geographic name entry element | Indian Knowledge system |
| 942 ## - ADDED ENTRY ELEMENTS (KOHA) | |
| Source of classification or shelving scheme | Colon Classification (CC) |
| Koha item type | Reference |
| 100 ## - MAIN ENTRY--PERSONAL NAME | |
| -- | 1131834 |
| 999 ## - | |
| -- | 1715221 |
| -- | 1715221 |
| Withdrawn status | Lost status | Source of classification or shelving scheme | Damaged status | Not for loan | Home library | Current library | Date acquired | Source of acquisition | Inventory number | Total checkouts | Full call number | Barcode | Date last seen | Copy number | Price effective from | Koha item type |
|---|---|---|---|---|---|---|---|---|---|---|---|---|---|---|---|---|
| Colon Classification (CC) | Faculty of Law Library | Faculty of Law Library | 2025-12-18 | Motilal Banarsidass | 3741, 18/12/2025 | WV2.C P5 | LL1943150 | 2026-03-12 | 1 | 2026-03-12 | Reference | |||||
| Colon Classification (CC) | Faculty of Law Library | Faculty of Law Library | 2025-12-18 | Motilal Banarsidass | 3741, 18/12/2025 | WV2.C P5 | LL1943151 | 2026-03-12 | 2 | 2026-03-12 | Textbook | |||||
| Colon Classification (CC) | Faculty of Law Library | Faculty of Law Library | 2025-12-18 | Motilal Banarsidass | 3741, 18/12/2025 | WV2.C P5 | LL1943152 | 2026-03-12 | 3 | 2026-03-12 | Textbook | |||||
| Colon Classification (CC) | Faculty of Law Library | Faculty of Law Library | 2025-12-18 | Motilal Banarsidass | 3741, 18/12/2025 | WV2.C P5 | LL1943153 | 2026-03-12 | 4 | 2026-03-12 | Textbook | |||||
| Colon Classification (CC) | Faculty of Law Library | Faculty of Law Library | 2025-12-18 | Motilal Banarsidass | 3741, 18/12/2025 | WV2.C P5 | LL1943154 | 2026-03-12 | 5 | 2026-03-12 | Textbook |
